| 000 | 00742nam a2200265Ia 4500 | ||
|---|---|---|---|
| 003 | OSt | ||
| 005 | 20220926005250.0 | ||
| 006 | a|||||r|||| 00| 0 | ||
| 007 | ta | ||
| 008 | 220923b |||||||| |||| 00| 0 eng d | ||
| 020 | _a8188836362 | ||
| 037 | _cGeneral Book | ||
| 040 |
_aRTL _cRTL _beng |
||
| 041 |
_2eng _aeng |
||
| 082 | _aU8, P4 | ||
| 100 |
_aChawla Romila Ed. _940438 |
||
| 245 | 0 | _aCoastal tourisim and development | |
| 260 |
_a New Delhi _bSanali Publications India _c2004 |
||
| 300 |
_a236p _ccm. |
||
| 490 | _aTourism and Development Series | ||
| 500 | _aBibliography Chapterwise | ||
| 650 |
_aTravel Geography _97186 |
||
| 942 |
_hU8, P4 _cGB _2CC |
||
| 999 |
_c613359 _d613359 |
||